<?xml version="1.0" encoding="UTF-8"?><?xml-stylesheet type="text/xsl" href="static/style.xsl"?><OAI-PMH xmlns="http://www.openarchives.org/OAI/2.0/" xmlns:xsi="http://www.w3.org/2001/XMLSchema-instance" xsi:schemaLocation="http://www.openarchives.org/OAI/2.0/ http://www.openarchives.org/OAI/2.0/OAI-PMH.xsd"><responseDate>2026-04-17T06:55:45Z</responseDate><request verb="GetRecord" identifier="oai:www.recercat.cat:2117/358309" metadataPrefix="marc">https://recercat.cat/oai/request</request><GetRecord><record><header><identifier>oai:recercat.cat:2117/358309</identifier><datestamp>2025-07-22T18:59:38Z</datestamp><setSpec>com_2072_1033</setSpec><setSpec>col_2072_452951</setSpec></header><metadata><record xmlns="http://www.loc.gov/MARC21/slim" xmlns:dcterms="http://purl.org/dc/terms/" xmlns:xsi="http://www.w3.org/2001/XMLSchema-instance" xmlns:doc="http://www.lyncode.com/xoai" xsi:schemaLocation="http://www.loc.gov/MARC21/slim http://www.loc.gov/standards/marcxml/schema/MARC21slim.xsd">
   <leader>00925njm 22002777a 4500</leader>
   <datafield ind2=" " ind1=" " tag="042">
      <subfield code="a">dc</subfield>
   </datafield>
   <datafield ind2=" " ind1=" " tag="720">
      <subfield code="a">Rodríguez Serrano, María Fernanda</subfield>
      <subfield code="e">author</subfield>
   </datafield>
   <datafield ind2=" " ind1=" " tag="260">
      <subfield code="c">2021-06</subfield>
   </datafield>
   <datafield ind2=" " ind1=" " tag="520">
      <subfield code="a">En este trabajo final de master, se desarrolla y verifica experimentalmente un modelo teórico para la predicción de la resistencia a punzonamiento de losas de hormigón reforzado con fibras metálicas, el cual está basado en la mecánica del hormigón estructural y del hormigón con fibras. Este modelo teórico se trata de una extensión del modelo previamente desarrollado en la UPC (Barcelona) y la UIB (Mallorca) para la predicción del cortante en vigas, llamado “Multi-action Shear Model” (MASM), el cual posteriormente fue extendido para la predicción del punzonamiento en losas de hormigón armado convencional y del cortante en vigas de hormigón reforzado con fibras metálicas (SFRC).</subfield>
   </datafield>
   <datafield ind2=" " ind1=" " tag="520">
      <subfield code="a">In this final master’s work, a theoretical model is developed and experimentally verified for the prediction of the punching shear resistance of fiber reinforced concrete slabs, which is based on the mechanics of structural concrete and fiber reinforced concrete. This theoretical model is an extension of a model previously developed at the UPC (Barcelona) and the UIB (Mallorca) for the prediction of shear in beams, called “Multi-action Shear Model” (MASM), which was later extended for the prediction of punching shear in conventional reinforced concrete slabs and shear in steel fiber reinforced concrete (SFRC) beams.</subfield>
   </datafield>
   <datafield ind2=" " ind1=" " tag="520">
      <subfield code="a">En aquest treball final de màster, es desenvolupa i verifica experimentalment un model teòric per a la predicció de la resistència a punxonament de lloses de formigó reforçat amb fibres metàl·liques, el qual està basat en la mecànica del formigó estructural i del formigó amb fibres. Aquest model teòric es tracta d'una extensió del model prèviament desenvolupat a la UPC (Barcelona) i la UIB (Mallorca) per a la predicció del tallant en bigues, anomenat "Multi-action Shear Model" (MASM), el qual posteriorment va ser estès per la predicció del punxonament en lloses de formigó armat convencional i del tallant en bigues de formigó reforçat amb fibres metàl·liques (SFRC).</subfield>
   </datafield>
   <datafield tag="653" ind2=" " ind1=" ">
      <subfield code="a">Àrees temàtiques de la UPC::Enginyeria civil::Materials i estructures::Materials i estructures de formigó</subfield>
   </datafield>
   <datafield tag="653" ind2=" " ind1=" ">
      <subfield code="a">Reinforced concrete construction</subfield>
   </datafield>
   <datafield tag="653" ind2=" " ind1=" ">
      <subfield code="a">Strength of materials</subfield>
   </datafield>
   <datafield tag="653" ind2=" " ind1=" ">
      <subfield code="a">hormigón reforzado con fibras metálicas</subfield>
   </datafield>
   <datafield tag="653" ind2=" " ind1=" ">
      <subfield code="a">tensión residual a tracción</subfield>
   </datafield>
   <datafield tag="653" ind2=" " ind1=" ">
      <subfield code="a">punzonamiento</subfield>
   </datafield>
   <datafield tag="653" ind2=" " ind1=" ">
      <subfield code="a">losa</subfield>
   </datafield>
   <datafield tag="653" ind2=" " ind1=" ">
      <subfield code="a">modelo mecánico</subfield>
   </datafield>
   <datafield tag="653" ind2=" " ind1=" ">
      <subfield code="a">multi-action Shear model</subfield>
   </datafield>
   <datafield tag="653" ind2=" " ind1=" ">
      <subfield code="a">efecto tamaño</subfield>
   </datafield>
   <datafield tag="653" ind2=" " ind1=" ">
      <subfield code="a">Construcció en formigó armat amb fibres</subfield>
   </datafield>
   <datafield tag="653" ind2=" " ind1=" ">
      <subfield code="a">Resistència de materials</subfield>
   </datafield>
   <datafield ind2="0" ind1="0" tag="245">
      <subfield code="a">Punzonamiento en losas de hormigón armado reforzado con fibras metálicas</subfield>
   </datafield>
</record></metadata></record></GetRecord></OAI-PMH>